02287nam a22002417a 450000500170000000800410001702000180005804000070007604100120008308200220009510000250011724500560014226000440019830000240024236500520026652014250031865000390174365000230178270000270180594200120183299900190184495201820186320240703100533.0240701b ||||| |||| 00| 0 eng d a9780008694647 cAL aEnglish 223a823.914bCOEM aPaulo Coelho9172374 aMaktub: An inspirational Companion to the Alchemist aLondonbHarper Collins Publishersc2024 a205 pbHBc23x14 cm a554b₹399.00c₹d₹499.00e20%f01-05-2024 aAn essential companion to the inspirational classic The Alchemist, filled with timeless stories of reflection and rediscovery. From one of the greatest writers of our age comes a collection of stories and parables unlocking the mysteries of the human condition. Gathered from Paulo Coelho’s daily column of the same name, Maktub, meaning “it is written,” invites seekers on a journey of faith, self-reflection, and transformation. As Paulo Coelho explains, ‘Maktub is not a book of advice―but an exchange of experiences.’ Each story offers an illuminated path to see life and the lives of our fellow people around the world in new ways, allowing us to tap into universal truths about our collective and individual humanity. As Coelho writes, ‘a man who seeks only the light, while shirking his responsibilities, will never find illumination. And one who keep his eyes fixed upon the sun . . . ends up blind.’ In these wise tales akin to Zen koans and other mysteries of the universe, there are talking snakes, old women climbing mountains, disciples querying their masters, Buddha in dialogue, mysterious hermits, and many saints. Following the path of his previous internationally bestselling works, this thoughtful collection of short, inspirational pieces, introduced in a foreword by the author and illustrated with black-and-white line art throughout, will engage seekers of all ages and backgrounds aMaktub means It is Written9172139 aPhilosophy9172375 aCOELHO (Paulo)9172140 2ddccBK c231344d231344 00102ddc40708GENaALbALd2024-05-14eBiblios Book Point Surathkal Mangalore 575014g399.00l2o823.914 COEMp077193r2026-01-02 11:00:38s2025-12-18v499.00w2024-07-01yBK